000 01285nam0a22003251 4500
001 rc\4393226
005 20130416150008.1
021 _aRU
_b[59-59504]
035 _a(NLR Aleph) 008554490
090 _a8426989
_c8426989
100 _a20130416d1959 |||y0rusy50 ca
101 1 _arus
_ceng
102 _aRU
105 _ay z |||||
200 1 _aКризис Британии и Британской империи
_fПер. с англ. А.Д. Аникина и В.Л. Мартенса
205 _aПересмотр. и доп. изд.
210 _aМосква
_cИзд-во иностр. лит.
_d1959
215 _a738 с.
_d21
300 _aДоп. тит. л.: R. Palm Dutt. The crisis of Britain and the British empire. New and rev. ed. London, Lowrence and Wishart, 1957
513 0 _aThe crisis of Britain and the British empire
606 _aАмериканский империализм в Британской империи
_2psbo
607 _aБританская империя
_2psbo
700 1 _aДатт
_bР. П.
_f1896-
_gРаджани Палм
702 1 _aАникин
_bА. Д.
_4730
702 1 _aМартенс
_bВ. Л.
_4730
801 0 _aRU
_bNLR
_gpsbo
801 1 _aRU
_bELAR
_2rusmarc
852 _aNLR
_j59-3/5014
942 _cBOOK
980 _aNB